000 00403nam a22001697a 4500
003 MACL
005 20151213113322.0
008 151213b xxu||||| |||| 00| 0 eng d
040 _cMACL
041 _aEnglish
082 _a741.642
100 _aMonica C Sharma
_920146
245 _aBilly Dog and Other Stories
260 _bShabd Sagar
_c2008
650 _aChildren book
_920147
942 _2ddc
_cBK
999 _c51515
_d51515